00477cam a2200169ua 45000010005000000080039000050200018000440400009000620820010000711000033000812450062001142500009001762600048001853000023002336530014002566530037002702345110805n ii |||gr||||Z||||||asm a81-7680-013-9 cMAIN a371.3 aKakoty, Bidyananda,eAuthor.1 aShiksha danar padhatti aru kusalcby Bidyananda Barkakoty a4th. aDibrugarh:bTushar publishing house,c2007. a379p:bill;c23cm. aEducation aShiksha danar padhatti aru kusal